00707nam a22001937a 4500999001900000005001700019010001500036020001100051035001400062037001300076082000800089100001800097245003100115260006500146270012700211300002100338942002200359952013200381 c188666d18866620220601100858.0 aENG-132898 c200.00 aEN-116430 bDBAD/PUB a233 aSai, Vasantha aShiva Sutra/cVasantha Sai aTamil NadubSri Vasanthasai Books & Publications Trustc2008 aRoyapalayam Village B.O. Tirumangalam S.O. Madurai-Virudhunagar Road, MaduraibTamil Nadue625706mmukthinilayam@gmail.com a251p.c22cm(pbk) 2ddccENh233mSAI 001040708NFICaBL1bBL1d2022-06-01eDBAD/PUBg200.00l1o233 SAIpEN-116430r2023-02-22 00:00:00s2023-02-08t1v200.00yEN